000 00353nam a2200133Ia 4500
008 230917s9999||||xx |||||||||||||| ||und||
040 _e247648
_aMAIN
041 _aEnglish
082 _a515.7 C361S
100 _aChandni
245 0 _aSome results on fixed points and coupled fixed points in dislocated metric spaces
260 _c2017
942 _cTH
999 _c127585
_d127585